000
00327nam a22001457a 4500
008
221130b ||||| |||| 00| 0 eng d
020
_a
9781429232500
041
_a
eng
080
_2
FOURTH EDITION
_a
616.073
082
_a
616.073PIE
100
_a
12
101
_a
GENE
245
_a
GENETICS
_c
PIERCE A.B
942
_2
udc
_c
BK
999
_c
59039
_d
59039